Music Quiz

Random Music or Song Quiz

Lyrics to country song dirt by FloridaGeorgiaLine Quiz Stats

 Plays Quiz not verified by Sporcle

Also try: Best Songs (2000s)
Challenge
Share
Tweet
Embed
Score 0/264 Timer 10:00
0 Plays Today
Answer % Correct
it
91.3%
it
91.3%
it
91.3%
it
91.3%
it
91.3%
it
91.3%
it
91.3%
it
91.3%
it
91.3%
it
91.3%
it
91.3%
it
91.3%
it
91.3%
it
91.3%
it
91.3%
it
91.3%
it
91.3%
dirt
90.4%
dirt
90.4%
You
89.4%
you
89.4%
you
89.4%
you
89.4%
you
89.4%
you
89.4%
you
89.4%
you
89.4%
you
89.4%
you
89.4%
you
89.4%
you
89.4%
you
89.4%
you
89.4%
you
89.4%
you
89.4%
you
89.4%
you
89.4%
you
89.3%
on
88.3%
on
88.3%
on
87.5%
on
87.5%
on
87.5%
on
87.5%
on
87.5%
on
87.5%
on
87.5%
on
87.5%
on
87.5%
on
87.5%
on
87.5%
on
87.5%
on
87.5%
on
87.5%
on
87.5%
on
87.5%
in
86.5%
in
86.5%
in
86.5%
your
85.6%
your
85.6%
your
85.6%
your
85.6%
your
85.6%
your
85.6%
your
85.4%
your
84.6%
up
81.7%
up
81.7%
up
81.7%
up
81.7%
up
81.7%
up
81.7%
up
81.7%
up
81.7%
grew
79.8%
grew
79.8%
the
78.8%
and
78.8%
a
78.8%
the
78.8%
and
78.8%
a
78.8%
and
78.8%
and
78.8%
a
78.8%
the
78.8%
and
78.8%
Answer % Correct
a
78.8%
and
78.8%
get
77.9%
get
77.9%
get
77.9%
build
76.9%
red
76.9%
build
76.9%
red
76.9%
build
76.9%
that
75%
that
75%
that
75%
that
75%
that
75%
that
75%
that
75%
that
75%
that
75%
that
75%
that
75%
that
75%
that
75%
hands
73.1%
plant
73.1%
roots
73.1%
clay
73.1%
clay
73.1%
head
72.1%
boots
72.1%
so
70.2%
so
70.2%
dusty
68.3%
dad
68.3%
dad
68.3%
whiskey
68%
field
68%
with
67.3%
field
67.3%
this
67.3%
with
67.3%
this
67.3%
field
67.3%
this
67.3%
this
67.3%
corn
67%
white
65.4%
white
65.4%
lights
64.4%
her
64.4%
name
64.4%
spin
64.4%
tires
64.4%
her
64.4%
her
64.4%
picket
64.4%
her
64.4%
her
64.4%
picket
64.4%
write
63.5%
shade
63.5%
his
63.5%
luck
63.5%
to
63.5%
to
63.5%
shade
63.5%
his
63.5%
luck
63.5%
to
63.5%
fence
61.5%
fence
61.5%
dance
60.6%
stuck
60.6%
down
60.6%
some
60.6%
stuck
60.6%
some
60.6%
some
60.6%
stuck
60.6%
down
60.6%
bonfires
59.2%
it's
58.7%
wanna
58.7%
ten
58.7%
house
58.7%
wanna
58.7%
ten
58.7%
house
58.7%
Answer % Correct
life
58.3%
life
57.7%
ground
56.7%
percent
56.7%
ground
56.7%
percent
56.7%
bet
56.3%
party
55.8%
makes
55.8%
party
55.8%
makes
55.8%
circle
53.8%
when
53.8%
return
53.8%
circle
53.8%
when
53.8%
return
53.8%
elm
52.9%
rains
52.9%
elm
52.9%
rains
52.9%
damned
51.9%
from
51.9%
damned
51.9%
from
51.9%
mud
50%
came
50%
someday
50%
you'll
50%
mud
50%
came
50%
someday
50%
you'll
50%
jeans
49%
hurts
49%
jeans
49%
hurts
49%
rust
48.1%
roads
48.1%
rust
48.1%
roads
48.1%
good
47.1%
good
47.1%
peeled
46.2%
peeled
46.2%
know
45.2%
know
45.2%
post-game
44.2%
she
44.2%
off
44.2%
looks
44.2%
post-game
44.2%
she
44.2%
off
44.2%
looks
44.2%
county
43.3%
hung
43.3%
county
43.3%
hung
43.3%
summertime
42.3%
smile
42.3%
summertime
42.3%
smile
42.3%
cloud
40.4%
cloud
40.4%
behind
39.4%
behind
39.4%
back
38.5%
sweat
38.5%
back
38.5%
blue-eyed
36.5%
mix
36.5%
blue-eyed
36.5%
run
35.6%
run
35.6%
painted
31.7%
drift
30.8%
drift
30.8%
plowed-up
28.8%
shovel
28.8%
plowed-up
28.8%
posts
26.9%
through
26%
goal
21.2%
taking
17.3%
(damn)
1.9%
crosees
1%
ande
1%

You're not logged in!

Compare scores with friends on all Sporcle quizzes.
Join for Free
OR
Log In

You Might Also Like...

Show Comments

Extras

Top Quizzes Today


Score Distribution

Your Account Isn't Verified!

In order to create a playlist on Sporcle, you need to verify the email address you used during registration. Go to your Sporcle Settings to finish the process.

Report this User

Report this user for behavior that violates our Community Guidelines.

Details: